Culture Générale - Série 2567 - Statistiques

Statistiques générales
  • Ce quiz a été pris 101 fois
  • Le résultat moyen est 4 sur 10
Statistiques - réponses
Question Réponse % Correct
Epée magique, offerte au Roi Arthur par la Dame du Lac - indissociable des légendes de Brocéliande, Excalibur
74%
Quelle est la capitale du Niger ? Niamey
56%
Dans quel pays se trouve la ville balnéaire et portuaire d'Eilat ? Israël
51%
Quel grand fauteuil confortable (bien rembourré) à haut dossier incliné porte le nom d'un philosophe? - voir photo voltaire
51%
Locution adjectivale signifiant "Du même genre, de la même espèce" : du même ..... acabit
49%
A quel pays appartient l'île de Clipperton , autrement dénommée île de la Passion, située dans l'Océan Pacifique, d'une superficie de 6 km2 ? France
41%
Mot d'origine arabe utilisé au pluriel pour désigner des politesses exagérées, hypocrites : "faire des .... salamalecs
40%
1. Sous l'Ancien Régime, paysan, vilain ou habitant d'un village. · 2. Littéraire. Homme grossier ; rustre - 6 lettres terminé par " t " manant
10%
Locution adjective latine invariable , employée en Droit et signifiant "en vue d'un procès" - 2 mots ad litem
1%
Piège, cage à trébuchet pour prendre les petits oiseaux ou nom d'un petit oiseau- 10 lettres commençant par " m " mésangette
1%
Aucun quiz correspondant
Distribution des résultats
% des personnes avec chaque résultat
Percentile par nombre de réponses
Votre historique - résultats
Vous n’avez pas pris ce quiz